000 00343nam a2200133Ia 4500
005 20251222141958.0
008 251222s9999||||xx |||||||||||||| ||spa||
020 _a84-493-1195-0
082 _a616.855.3/T72
100 _aTorras de Beá, Eulélia
245 0 _aDislexia en el Desarrollo Psíquico:
264 _bPaidós Ibérica
942 _cLIB
999 _c9903
_d9903